[Event "EU-chT (Men) 11th"]
[Site "Pula"]
[Date "1997.05.??"]
[Round "6.1"]
[White "Timman, Jan H"]
[Black "Alterman, Boris"]
[Result "0-1"]
[WhiteElo "2630"]
[BlackElo "2595"]
[Annotator "Alterman,B"]
[PlyCount "66"]
[EventDate "1997.05.05"]
[EventType "team-swiss"]
[EventRounds "9"]
[EventCountry "CRO"]
[SourceTitle "CBM 057 Extra"]
[Source "ChessBase"]
[SourceDate "1997.05.01"]
[SourceVersion "1"]
[SourceVersionDate "1997.05.01"]
[SourceQuality "1"]
[WhiteTeam "Netherlands"]
[BlackTeam "Israel"]
[WhiteTeamCountry "NED"]
[BlackTeamCountry "ISR"]

1. c4 {Ribli} c5 2. Nf3 Nc6 3. Nc3 Nf6 4. d4 cxd4 5. Nxd4 e6 6. g3 Qb6 7. Ndb5
(7. Nb3 {Ribli} Ne5 8. e4 Bb4 9. Qe2 {Das ist die andere Hauptvariante. Ich
war immer der Meinung, daß Schwarz gleiche Chancen hat.Ribli.}) 7... Ne5 8. Bg2
{Mit dem Partiezug opfert Weiß einen Bauern, aber die Annahme ist mehr als
gefährlich.Ribli.} (8. Bf4 $5 {Ribli} Nfg4 9. e3 a6 $5 {[#]} 10. Nc7+ (10. h3
$5 axb5 11. hxg4 Nxc4 (11... Ng6 12. cxb5 e5 13. Bg5 h6 14. Bh4 Bb4 15. Bg2
Qxb5 16. g5 hxg5 17. Bxg5 Rxh1+ 18. Bxh1 d6 {1-0 Har Zvi,R-Henriksen,G/Gausdal
Eikrem 1996 (48)}) 12. Qb3 d5 13. Bxc4 dxc4 14. Qxb5+ Qxb5 15. Nxb5 Bb4+ (15...
Ra5 $5) 16. Ke2 Ra5 17. a4 Bd7 18. Bd6 Bxd6 19. Nxd6+ Ke7 20. Nxb7 Rxa4 21. Nc5
{1-0 Schroll,G-Miniboeck,G/AUT-chT96/97 1997 (40)}) 10... Qxc7 11. Qxg4 d6 12.
Qe2 Bd7 (12... Ng6 $5) 13. Bxe5 dxe5 14. Bg2 Be7 (14... Bc6 $5) 15. O-O O-O 16.
Rac1 Rac8 17. Rfd1 Rfd8 {Anand,V-Leko,P/Wijk (11) 1996/1-0 (54)}) 8... a6 (8...
Nxc4 {Ribli} 9. Qa4 $1 Ne5 (9... Qc5 10. Bf4 $16) 10. Bf4 $16 {[%cal Yf4c7,
Yb5c7]}) 9. Qa4 Rb8 (9... Neg4 {Ribli} 10. O-O Rb8 11. b4 $1 axb5 12. Nxb5 d5
13. Nd6+ Ke7 14. c5 Qa6 15. Qc2 Ne8 16. b5 Qa8 17. Bf4 {1-0 Kramnik,V-Anand,V/
Monaco Amber rapid 1994 (25)}) 10. Be3 (10. O-O $5 {Ribli} axb5 11. Nxb5 Bc5
12. b4 Bxf2+ 13. Rxf2 Nxc4 14. h3 O-O 15. Bg5 {Petrakov,A-Sivokho,S/St.
Petersburg op2 1994/1/2-1/2 (62)}) 10... Bc5 11. Bxc5 Qxc5 12. Qa3 (12. b4 $6
axb5 13. Nxb5 Qe7 14. Qa7 Qxb4+ 15. Kf1 O-O 16. Qxb8 Nxc4 $17) 12... b6 $1 {
[#] Die Stellung ist Timman nicht unbekannt: vor 8 Jahren spielte er diese
Variante - mit Schwarz!Ribli.} (12... Qxa3 13. Nxa3 d6 $11 (13... Ke7 14. f4
Nc6 15. h3 b5 16. cxb5 Na7 17. e4 axb5 18. b4 d6 19. Kf2 Ba6 20. Rhc1 Rhc8 21.
Rab1 Rb6 22. Rb2 Bb7 23. Rbc2 Rb8 24. Ke3 Bc6 25. Nab1 Bd7 26. e5 {1-0
Vaganian,R-Nickoloff,B/Toronto (01) ;CBM 20 1990 (32)}) 14. f4 Nc6 15. O-O-O (
15. Rd1 {Ribli} Ke7 16. O-O Bd7 17. Rd2 Rhd8 18. Rfd1 Be8 19. Bf3 Nb4 {
Christiansen,L-Schlosser,P/BL9596 1996/1/2-1/2 (62)}) 15... Ke7 16. Rd2 Nb4 17.
Bf3 (17. Rhd1 Ng4 $1) 17... Bd7 $5 (17... Rd8 18. Rhd1 b6 19. Nc2 $14) (17...
d5 18. g4 $1 $14) 18. Rhd1 d5 19. g4 {Speelman,J-Timman,J/London (m/8) 48/45
1989/0-1 (54)} (19. cxd5 exd5 20. Bxd5 Nfxd5 21. Nxd5+ Nxd5 22. Rxd5 Be6 23.
Re5 Rbc8+ 24. Nc2 f6 25. Re3 Kf7 26. b3 Bf5 27. Rd2 b5 $1 {/\} 28. Kb2 Rhd8 29.
Nd4 b4 $1 $44) (19. g4 Bc6 20. g5 Ne4 21. Rd4 Rbc8 22. Nab1 Nc5 23. cxd5 Nxa2+
24. Kc2 Nxc3 25. Nxc3 exd5 26. Nxd5+ Bxd5 27. Rxd5 h6 {Speelman,J-Timman,J/
London csf2 1989/0-1 (54)})) 13. Nd6+ (13. b4 Qe7 14. c5 $2 (14. Nc7+ Kd8 15.
Nxa6 (15. c5 Kxc7 16. cxb6+ Rxb6 17. O-O Qxb4 $19) 15... Nxc4 16. Qa4 b5 $1 $19
) 14... bxc5 15. Nc7+ Kf8 16. bxc5 Nc4) (13. O-O Nxc4) 13... Ke7 {Schwarz kann
nicht mehr rochieren, aber das ist bedeutungslos, da der schwarze König nach
dem folgenden Damentausch auf e7 aktiv steht.Ribli.} 14. Qxc5 bxc5 15. Nxc8+ (
15. O-O-O Neg4 (15... Nfg4 $2 16. f4 Ng6 17. Rd2) 16. Nce4 (16. Nxc8+ Rhxc8 17.
Rdf1 Rb4 $1 18. b3 d5 19. cxd5 c4 20. Kc2 cxb3+ 21. axb3 a5 22. h3 a4 23. hxg4
Rxb3 $17) 16... Nxe4 17. Nxe4 Bb7 $17) 15... Rhxc8 16. b3 d5 $1 $146 (16... g5
17. Rd1 (17. O-O-O h5 18. h4 gxh4 19. Rxh4 Ng6 20. Rhh1 Rh8 21. Be4 Ng4 22.
Bxg6 fxg6 23. Ne4 Rbc8 24. f3 Ne5 25. Rd6 g5 {1/2-1/2 Duncan,C-Emms,J/Gausdal
TM (01) 1996}) 17... h5 18. h3 g4 19. hxg4 hxg4 20. Kd2 Rh8 21. Ke3 Rxh1 22.
Rxh1 d6 23. Rh6 a5 24. Kd2 Rd8 25. Kc2 Rb8 26. Bh1 Nfd7 27. Nd1 a4 28. Ne3
axb3+ 29. axb3 Rg8 30. Kc3 Nb8 31. Rh4 Na6 32. Nc2 Rb8 {Holst,A-Emms,J/
Copenhagen op (07) ;EXT 94op 1994/1/2-1/2 (94)}) 17. cxd5 (17. f4 $6 {[%csl
Re3] Ribli} Neg4 18. cxd5 Ne3 $17 {[%csl Rc2,Ge3,Rg2]}) 17... c4 {Das war die
Idee des schwarzen Bauernopfers. Er möchte die c-Linie für seinen Turm öffnen.
Ribli.} 18. b4 {Weiß gibt seinen Bauern zurück, sein Nc3 befindet sich auf
einem ausgezeichneten Blockadefeld.Ribli.} (18. bxc4 $6 Rxc4 19. Rc1 Rbc8 20.
Kd2 Neg4 (20... Rd4+ 21. Ke3 $4 (21. Kc2 $15) 21... Nfg4+ 22. Kxd4 Rc4#) 21. f3
(21. dxe6 $2 Nxf2 22. Rhf1 Rxc3 $19) 21... Rd4+ 22. Ke1 Ne3 23. Bh3 $1 (23. Kf2
$2 Nxg2 24. Nb1 (24. Kxg2 Rdc4 $19) 24... Rxc1 25. Rxc1 Nf4 26. gxf4 Nxd5 $17)
23... Rxc3 24. Rxc3 Rd1+ 25. Kf2 Rxh1 26. Rxe3 Rxh2+ 27. Bg2 Nxd5 28. Ra3 Nc7
$15) 18... Rxb4 19. h3 $6 {Weiß bereitet f2-f4 vor und verteidigt das Feld g4
Ribli.} (19. O-O-O $1 Neg4 (19... Nfg4 20. Rhf1 $1 (20. Rdf1 $2 Nd3+ 21. exd3
cxd3 22. Kd2 Rb2+ 23. Kxd3 Ne5+ 24. Kd4 Rc4+ 25. Kxe5 f6#) (20. dxe6 fxe6 21.
Rdf1 $2 Nd3+ 22. exd3 cxd3 23. Kd2 Rb2+ 24. Kxd3 Rd8+ 25. Nd5+ exd5 $17) 20...
Nxh2 21. Rh1 Nhg4 22. dxe6 fxe6 23. Rxh7 Nxf2 24. Rf1 Ned3+ (24... Nfd3+ 25.
Kd1) 25. exd3 cxd3 26. Rxf2 Rxc3+ 27. Kd2 Rc2+ 28. Ke3 Rxf2 29. Kxf2 Rb2+ 30.
Kf3 e5 31. Bf1 d2 32. Be2 (32. Rxg7+ Kd6 33. Be2 Rb1 34. Rg6+ Ke7 35. Rxa6)
32... Rb1 33. Rxg7+ Ke6 34. Rg6+ Ke7 35. Rxa6 d1=Q 36. Bxd1 Rxd1 $11) (19...
Ned7 $1 20. Kc2 Nc5 21. Rb1 a5 22. h3 Rcb8 $15) 20. Rdf1 exd5 21. Bxd5 Kf8 22.
Bg2 $14) (19. dxe6 {Ribli} fxe6) 19... Ne8 $5 {-Ne8-d6-b5} (19... Ned7 $1 20.
O-O-O Nc5 21. Kc2 Rcb8 22. Rb1 a5) (19... Rb2 $6 20. Rc1 (20. O-O-O $1 Rcb8 21.
dxe6 $1 fxe6 22. Rd4 $14)) 20. f4 (20. O-O-O Nd6 21. f4 Nd3+ $1 22. exd3 cxd3
23. Rxd3 Nb5 24. Kc2 Rbc4 $15) 20... Nd7 (20... Nd3+ $2 21. exd3 cxd3 22. Nd1
Rc2 23. O-O $18) 21. dxe6 fxe6 22. Be4 $1 (22. f5 $5 Nef6 23. fxe6 Ne5 (23...
Nb6 24. O-O Rc5 $11) 24. O-O Kxe6 25. Rf4 $132) (22. O-O-O $5 {Ribli}) 22...
Nef6 23. Bc2 {Die weißen Leichtfiguren halten die Stellung am Damenflügel, und
z.B. nach eventuellem Turmtausch wäre der Pc4 im Endspiel eine Schwäche. In
unserer Partie jedoch hat Schwarz aufgrund seines aktiven Spiels Kompensation.
Ribli.} Nc5 24. Rd1 $2 (24. O-O-O $1 Nb3+ 25. Kb2 (25. axb3 {Ribli} cxb3 {
[%cal Rc8c1]}) 25... Nd4+ 26. Kc1 Nb3+ $11) 24... Rb2 25. Rd2 $2 (25. Bb1 Nd5
$1 26. Nxd5+ exd5 27. Bxh7 Ne4 $6 (27... Kd6 $1 28. Rd2 Rcb8 29. Rxb2 Rxb2 30.
Kf2 Rxa2 $17) 28. Bxe4 dxe4 29. Kf2 c3 30. h4 c2 31. Rc1 Rxa2 32. h5 Rb2 33. h6
gxh6 34. Rxh6 Rb1 35. Rhh1) 25... Rd8 $1 $19 26. Rf1 (26. Kd1 Nd5 27. Kc1 Ne3
28. Kxb2 Rxd2 29. Rc1 Nd3+ $19 (29... h6 30. Kb1 a5 $22) 30. exd3 cxd3 31. Re1
Rxc2+ 32. Kb3 d2 $19) (26. Kd1 {[%cal Yd1c1] Ribli}) 26... Nd5 {Mit diesem
Springerzug übernimmt Schwarz das Kommando.Ribli.} 27. Nxd5+ Rxd5 28. a3 (28.
e4 Nxe4) 28... c3 {Der schwarze Freibauer auf c3 ist - unterstützt durch den
Turm - gefährlich für Weiß. Der schwarze Springer ist auch deutlich besser
postiert als der passive weiße Läufer.Ribli.} 29. Rxd5 exd5 30. Kd1 (30. Bxh7 {
Ribli} Kf6 $1 {Droht 31...g6.} 31. Rf3 (31. Bd3 Nxd3+ 32. exd3 Rb1+ $19) 31...
g6 32. Rxc3 Rb1+ 33. Kf2 (33. Kd2 Ne4+ $19) 33... Ne4+ $19) 30... Ra2 $1 31. e3
(31. Kc1 Ra1+ 32. Bb1 Nb3+ 33. Kc2 Nd2 $19) 31... Ne4 32. Rf3 (32. Bxe4 dxe4
33. Re1 Kd6 34. Re2 Rxa3 $19) 32... h6 $22 33. f5 Nd2 (33... Nd2 {Ribli} 34.
Rf4 (34. Rf2 Nc4 35. Re2 Ra1+ $19) 34... Nc4 $19) 0-1

[Event "Kavala op 19th"]
[Site "Kavala"]
[Date "2010.08.01"]
[Round "3"]
[White "Atalik, Suat"]
[Black "Pap, Misa"]
[Result "1/2-1/2"]
[WhiteElo "2607"]
[BlackElo "2509"]
[Annotator "Atalik,S"]
[PlyCount "41"]
[EventDate "2010.07.30"]
[EventType "swiss"]
[EventRounds "9"]
[EventCountry "GRE"]
[SourceTitle "CBM 137 Extra"]
[Source "ChessBase"]
[SourceDate "2010.09.01"]
[SourceVersion "1"]
[SourceVersionDate "2010.09.01"]
[SourceQuality "1"]

1. d4 Nf6 2. Nf3 {I have sort of chickened out of a Volga Gambit.R egarding
the game continuation it might have been justified albeit in general I despise
such an attitude.} (2. c4 c5 3. d5 b5 {Volga or Benkö Gambit which lost the
steam in these days.} 4. cxb5 a6 5. b6 $5 {I had good memories with this move
although I have rarely employed it.} (5. bxa6 g6 {Avoiding the Gheorghiu line
with an early b3.} 6. Nc3 Bxa6 7. Nf3 Bg7 8. g3 d6 9. Bg2 Nbd7 10. Rb1 $1 {
The new wave.} O-O (10... Nb6 11. b3 Bb7 (11... Bc8 12. Nd2 Bf5 13. e4 Bc8 14.
Bb2 Ba6 15. Bf1 Bxf1 16. Kxf1 O-O 17. Kg2 $14) 12. Nh4 O-O 13. O-O Ne8 14. Qc2
$1 $14) 11. O-O Qa5 (11... Ng4 $5 12. Qc2 Nge5 13. Nxe5 Nxe5 14. b3 Qa5 15. Bd2
(15. a4 Rfb8 16. Bd2 $14) 15... Qa3 16. Qc1 $5 Qxc1 17. Rfxc1 Rfb8 18. h3 $14 {
Atalik,S-Milanovic,D,Teslic 2006.}) 12. Qc2 Rfb8 13. Rd1 Ng4 14. Bd2 Nge5 15.
Nxe5 Nxe5 16. b3 Qa3 17. h3 Ra7 18. Kh2 Rab7 19. Qc1 (19. f4 Nd7 20. Rbc1 c4
21. Nb1 cxb3 22. Qc8+ Rxc8 23. Rxc8+ Nf8 24. Nxa3 bxa2 $44) 19... Qxc1 20.
Rdxc1 c4 21. bxc4 Nxc4 22. Be1 Rb2 23. Rxb2 Rxb2 24. a4 $14 {is never clear.})
5... e6 $5 (5... d6 6. Nc3 Nbd7 7. a4 Qxb6 8. a5 Qb4 $1 {The black queen has
to lure White's rook to a4, a square which could further be used for latter's
knight.} (8... Qb7 9. e4 g6 10. f4 Bg7 11. Nf3 O-O 12. Bc4 Ne8 13. O-O Nc7 14.
Qd3 Nf6 15. Ra2 Bd7 16. b3 Nb5 17. Na4 $14) (8... Qb8 $6 {This square for the
queen has nothing to do with the game flow.} 9. e4 g6 10. f4 Bg7 11. Nf3 O-O
12. Bc4 Ne8 13. O-O Nc7 14. Qd3) (8... Qc7 9. e4 g6 10. f4 Bg7 11. Bc4 O-O 12.
Nf3 Rb8 13. O-O Rb4 14. Qd3 $16 {and now what to play for Black?}) (8... Qa7 9.
e4 g6 10. f4 Bg7 11. Nf3 O-O 12. Bc4 Ne8 13. O-O Nc7 14. Qd3 (14. Re1 $6 Rb8
15. Qd3 Nb5 $1 16. Nxb5 $2 axb5 17. Bxb5 c4+ $19) 14... Rb8 15. Na4 Nb5 16. Bd2
$1 $14 (16. Be3 Nd4 17. Nxd4 cxd4 18. Bf2 $14)) 9. Ra4 Qb8 (9... Qb7 10. e4 g6
11. f4 Bg7 12. Bc4 O-O 13. Nf3 Ne8 14. O-O Nc7 15. Qd3 Nf6 16. Ra2 Bd7 17. b3
Bb5 18. e5 Nd7 19. Re2 $14) 10. e4 g6 11. f4 Bg7 12. Nf3 O-O 13. Bc4 Ne8 14.
O-O Nc7 15. Qd3 Ra7 16. Ra2 Rb7 17. Na4 Nb5 18. Bd2 $14) (5... a5 6. Nc3 Ba6 7.
f4 d6 8. Nf3 Nbd7 9. e4 Bxf1 10. Rxf1 Nxb6 11. Qe2 Rb8 12. Be3 g6 13. Rd1 (13.
Ne5 $5) 13... Bg7 14. e5 Ng4 15. Bc1 ({Although I won after} 15. Bg1 $6 O-O 16.
h3 Nh6 17. g4 Nd7 18. e6 fxe6 19. dxe6 {things were not clear due to} Nb6 $1
$132 {is Atalik-Knoppert,Tilburg(m/2.1) 1993.}) 15... O-O 16. h3 Nh6 17. g4 $13
) 6. Nc3 Nxd5 7. Nxd5 exd5 8. Qxd5 Nc6 9. Nf3 Rb8 (9... Bb7 10. Ne5 Qe7 11. Bf4
Nd8 12. Qd1 $1 {preventing d5.} Ne6 13. Bg3 Nd4 14. e3 Nf5 15. Nc4 Nxg3 16.
hxg3 $16 {Black's compensation is vague.}) (9... Be7 10. Ne5 O-O 11. Nxc6 dxc6
12. Qxd8 Bxd8 $1 13. Bd2 Bxb6 14. e3 $16) 10. e4 Be7 11. Bc4 O-O 12. O-O Rxb6
13. Qh5 d6 14. b3 Be6 (14... Bf6 15. Ng5 $1 Bxg5 16. Bxg5 Qe8 17. Rad1 Ne5 18.
Be2 $14) 15. Bxe6 fxe6 16. Qg4 $1 (16. Be3 $5 a5 $132) 16... Rf6 (16... Qc8 17.
Bb2 Bf6 18. Bxf6 Rxf6 19. Nd2 $13) 17. h4 Rb4 18. h5 d5 19. Ng5 $13) 2... e6 3.
c4 c5 4. Nc3 (4. d5 b5 {Blumenfeld Gambit is the other weapon of the
grandmaster from Vojvodina.} 5. Bg5 $1 {Next time I will go for this one.} b4 (
5... Qa5+ 6. Qd2 Qxd2+ 7. Nfxd2 bxc4 8. Bxf6 gxf6 9. Nc3 Na6 10. Nxc4 Rb8 11.
O-O-O Nc7 12. e4 Ba6 13. g3 h5 14. h4 $14) (5... exd5 6. cxd5 d6 (6... Qa5+ 7.
Nc3 Ne4 8. Bd2 Nxd2 9. Nxd2 d6 10. e4 a6 11. a4 $16) (6... h6 7. Bxf6 Qxf6 8.
Qc2 Na6 9. e4 $16) 7. e4 a6 8. a4 (8. Bd3 $5 Be7 9. Bf4 Bg4 10. Nbd2 Nbd7 11.
O-O O-O 12. h3 Bh5 13. a4 $14) 8... Be7 9. Bxf6 (9. Nbd2 Nxd5 10. Bxe7 Qxe7 11.
axb5 O-O 12. Bc4 $14) 9... Bxf6 10. axb5 Bxb2 11. Ra2 Bf6 12. Bd3 O-O 13. O-O
Bb7 14. Nbd2 axb5 15. Rxa8 Bxa8 16. Bxb5 $14) (5... h6 6. Bxf6 Qxf6 7. Nc3 b4
8. Nb5 Kd8 (8... Qxb2 9. Rb1 $1 {White has to attack Black's a-pawn after
having grabbed the exchange.} Qxa2 10. Ra1 Qxc4 11. e3 $1 Qe4 12. Bd3 Qg4 13.
h3 Qxg2 14. Rh2 $18 {traps the queen.}) 9. e4 Qxb2 {It is strange that nobody
ever dared to pick up the pawn.} (9... g5 10. e5 Qg7 (10... Qf4 11. Bd3 g4 12.
Qd2 $1 Qxd2+ 13. Nxd2 a6 14. Nd6 Bxd6 15. exd6 $16) 11. g4 Bb7 12. Qa4 a5 13.
O-O-O $16) 10. Rb1 Qf6 (10... Qxa2 $2 11. Ne5) 11. e5 (11. Bd3 e5) (11. Qa4 a5
12. Bd3 e5 13. O-O d6) 11... Qg6 12. Bd3 (12. Rb3 exd5 13. cxd5 a6) 12... Qxg2
13. Rg1 Qh3 14. Be4 (14. Rg3 Qh5 15. Be4 (15. dxe6 Bb7 16. exf7 Qxf7 17. Nh4 a6
(17... g5 18. Nf5) 18. Nc3 (18. Ng6 $2 axb5 (18... Rg8 19. Nc3) 19. Nxh8 Qg8
20. Ng6 bxc4 21. Be2 Rxa2 $1 (21... c3 22. Rxc3) 22. Ra1 Rxa1 23. Qxa1 Nc6 $17)
18... g5 19. Ng6 Rg8 20. Nd5 Bxd5 (20... Rxg6 $2 21. Rf3) 21. cxd5 Qxd5 22. Qg4
Rxg6 23. Bxg6 Nc6 24. Rd1 Nd4 25. Qe4 Qxe4+ 26. Bxe4 Rb8 $17) 15... Bb7 16. Qa4
a5 17. Qc2 exd5 18. cxd5 $44) 14... Bb7 15. Qd3 exd5 16. Bxd5 Bxd5 17. Qxd5 Nc6
18. Qxf7 Qe6 (18... a6 19. Rd1 Kc8 (19... axb5 20. Rg3 $18) 20. Qe8+ Nd8 21.
Rg6 $3 $40) 19. Qxe6 dxe6 20. Rg6 $36 {is certainly worth of trying for Black.}
) 6. e4 d6 7. Nbd2 Be7 8. h3 $1 (8. Bd3 $6 {It is very difficult to
undertstand why this one is wrong.} e5 $1 (8... Nxd5 $2 9. exd5 Bxg5 10. dxe6
fxe6 11. Nxg5 Qxg5 12. Qf3 $16) 9. a3 Nxd5 $2 (9... bxa3 10. Rxa3 O-O) 10. exd5
Bxg5 11. Nxg5 Qxg5 12. axb4) 8... e5 (8... Nxd5 9. cxd5 Bxg5 10. Bb5+ Kf8 11.
Nc4 Be7 12. O-O e5 13. a3 $44) 9. Be3 $1 $14) 4... cxd4 5. Nxd4 d6 {This is of
course a weird move. Here Black had three serious alternatives and I had
looked upon them briefly since my Yugoslav opponent has never taken them
before.} (5... Nc6 {transposes the game into the English Opening.} 6. a3 Be7 7.
g3 $5 Qb6 8. Nf3 (8. Nc2 Ne5 9. Ne3 O-O (9... Nxc4 $2 10. Nxc4 Qc6 11. e4 Nxe4
12. Qf3) 10. Bg2 d6 11. O-O Bd7 12. b3 $11 {looks normal to me.}) 8... Ng4 (
8... O-O 9. Bg2 Rd8 10. O-O d5 11. cxd5 exd5 (11... Nxd5 12. Qc2 Nxc3 13. Qxc3
$14) 12. Na4 Qa6 13. Be3 Bg4 14. Bc5 $14) 9. e3 O-O 10. Bg2 (10. Be2 $5) 10...
Nge5 11. Nxe5 Nxe5 12. b3 Bf6 13. Ra2 d5 14. cxd5 Qa6 15. Bf1 Nf3+ 16. Qxf3
Bxc3+ 17. Bd2 Bxd2+ 18. Rxd2 Qxa3 19. Bc4 exd5 20. Bxd5 Qa5 21. Ke2 {looks
playable.}) (5... Bb4 {transposes to a Nimzo-Indian.} 6. g3 O-O (6... Ne4 7.
Qd3 Nxc3 8. bxc3 Be7 {became popular all of a sudden.} 9. Bf4 (9. Bg2 O-O 10.
O-O d6 11. Rd1 a6 12. Be4 h6 13. Qf3 Nd7 $132) (9. Nb5 Nc6 10. Nd6+ Bxd6 11.
Qxd6 Qa5 12. Bd2 Qe5 13. Qd3 Qc7 14. Bf4 e5 15. Be3 d6 16. c5 $11) 9... Nc6 $1
(9... Na6 10. Nb5) (9... d6 10. Nb5 e5 11. c5 exf4 12. cxd6 O-O 13. dxe7 Qxe7
14. Bg2 Rd8 15. Nd4 $14) 10. Bg2 (10. Nb5 $6 e5 11. Be3 O-O (11... d6 12. c5)
12. Bg2 d6 $17) 10... O-O 11. O-O $13 {is subject for investigation.}) 7. Bg2
d5 8. cxd5 Nxd5 9. Qb3 Nc6 10. Nxc6 bxc6 11. O-O Qa5 12. Bd2 Bxc3 13. bxc3 Ba6
14. Rfd1 Qc5 (14... Rab8 $2 15. c4 $3 Qc5 16. cxd5 Rxb3 17. axb3 Qc2 (17...
Bxe2 18. Re1) 18. Rac1 Qa2 19. dxc6 Bxe2 20. Bb4 $18) 15. e4 Bc4 16. Qa4 Nb6
17. Qb4 Qh5 18. Re1 $5 $36 (18. Be3 $5 Be2 19. Rd2 Rab8 (19... Nc4 $2 20. g4
Qxg4 21. f3) 20. Bxb6 axb6 21. Qd6 $14) (18. Bf4 c5 19. Qa5 Rfc8 20. h3 f6 21.
Be3 e5 22. Bxc5 Be6 $11)) (5... a6 6. a3 $5 Qc7 7. e4 b6 8. Be3 Bb7 9. f3 Nc6
10. Be2 (10. Rc1 Nxd4 11. Qxd4 Bc5 12. Qd2 Bxe3 13. Qxe3 Qc5 14. Kf2 $14) 10...
Nxd4 11. Qxd4 Bc5 12. Qd2 $14 {is just one of many possible lines.}) 6. g3 Be7
7. Bg2 a6 8. b3 (8. O-O Qc7 9. b3 O-O (9... d5 $2 10. Bg5 (10. Bf4 e5 11. Ndb5
axb5 12. Nxb5 Qc5 13. Bxe5 $44) 10... dxc4 11. Rc1 O-O 12. Na4 $16) 10. Bb2 Nc6
{transposes to the game.}) 8... Qc7 9. Bb2 Nc6 10. O-O (10. e3 {is always a
serious alternative.}) 10... O-O 11. Rc1 (11. e3 Ne5) 11... Nxd4 (11... Ne5 12.
e3 Bd7 13. f4 Ng6 14. g4 h6 15. Qf3 Rab8 16. Qg3 $40) 12. Qxd4 Bd7 {This is
the stem position in this opening which I have regarded as being under suspect
however things are not that simple.} 13. e4 (13. Rfd1 Rfd8 14. h3 $40 {
followed by a quick g4 is very popular.}) (13. Qf4 Rac8 14. Rfd1 Rfd8 15. Ne4
Nxe4 16. Bxe4 Bc6 $11) 13... Rac8 14. Rfe1 $6 {Hell knows why I needed this
move.} (14. Nd1 $142 Bc6 (14... Qa5 15. Ne3 Bc6 16. a3) 15. Ne3 Qb8 16. Rfe1
Rfe8 (16... Rfd8 $2 17. Nd5) 17. Nc2 $1 {prevents the fianchetto.}) 14... Rfd8
15. h3 (15. Nd1 Qa5) 15... Qb8 16. Nd1 $146 Bc6 17. Ne3 Bf8 18. Qd3 $6 (18. Nc2
$142 {is a great idea which prevents the fianchetto.}) (18. Ng4 Nxg4 19. hxg4
b6 ({or simply} 19... b5) 20. g5 Qb7 $15 {looks better for Black since he
achieved what he wanted.}) 18... Nd7 19. Ng4 h5 $1 20. Ne3 (20. Nh2 Nc5 21. Qb1
b5 22. Nf3 bxc4 23. Rxc4 Bb5 24. Rd4 $15 {was a serious alternative.}) 20...
Nc5 $1 (20... b5 $6 21. Qe2 Nc5 22. b4 Na4 (22... Nxe4 23. Qxh5 Qb7 24. Ng4 $40
) 23. Bd4 $40 {was what I was counting for.}) 21. Qb1 {Here around all the
possibilties looked like leading into a slightly worse position to me.} (21.
Qb1 b5 22. cxb5 (22. b4 Na4 23. Bd4 $15 (23. cxb5 Qxb5 (23... Bxb5) 24. Bd4 e5
25. Ba1 $15)) 22... axb5 23. b4 Na4 24. Bd4 $15 (24. Ba1 Qb7 25. Qd3 Nb6 $15))
1/2-1/2